| 000 | 03010nam a22003017a 4500 | ||
|---|---|---|---|
| 001 | 6381 | ||
| 003 | FISKH | ||
| 005 | 20250425161433.0 | ||
| 008 | 250425b cb ||||| |||| 00| 0 eng d | ||
| 020 | _a9781741047219 | ||
| 040 |
_aFISKH _beng _cFISKH _dFISKH |
||
| 050 | _aDS654 .P49 | ||
| 082 | _a915 | ||
| 100 | _aBloom, Greg | ||
| 245 |
_aPhilippines / _cBy Greg Bloom , Michael Grosberg, Virginia Jealous and Plers Kelly |
||
| 250 | _aFirst published , February 1981 | ||
| 260 |
_aFort Mill : _bLonely Planet , _c2010. |
||
| 300 |
_a484 pages : _bcolor illustrations, maps ; _c20 cm . |
||
| 490 | _aLonely Planet | ||
| 520 | _aLonely Planet's local travel experts reveal all you need to know to plan the trip of a lifetime to the Philippines. Discover popular and off the beaten track experiences from visiting Boracay Island's stunning White Beach to sinking into a blissful swimming hole at Anuplig Falls, and gawking at the emerald-green rice terraces in and around the villages of Banaue and Batad. Build a trip to remember with Lonely Planet's Philippines travel guide:Our classic guidebook format provides you with the most comprehensive level of information for planning multi-week tripsUpdated with an all new structure and design so you can navigate the Philippines and connect experiences together with easeCreate your perfect trip with exciting itineraries for extended journeys combined with suggested day trips, walking tours, and activities to match your passionsGet fresh takes on must-visit sights including the rice terraces at Banaue and Batad; Jaro Cathedral; and Pagsanjan FallsSpecial features on picking your ideal island, Manila walking tour, activities guideExpert local recommendations on when to go, eating, drinking, nightlife, shopping, accommodation, adventure activities, festivals, and moreEssential information toolkit containing tips on arriving; transport; making the most of your time and money; LGBTIQ+ travel advice; useful words and phrases; accessibility; and responsible travelConnect with Philippines' culture through stories that delve deep into local life, history, and traditionsInspiring full-colour travel photography and mapsCovers Manila, Around Manila, North Luzon, Southeast Luzon, Mindoro, Boracay and Western Visayas, Cebu and Eastern Visayas, Mindanao, Palawan eBookFeatures: (Best viewed on tablet devices and smartphones) - Add notes to personalise your guidebook experience - Seamlessly flip between pages - Bookmarks and speedy search capabilities get you to key pages in a flash - Embedded links to recommendations' websites - Zoom-in on maps and images Create a trip that's uniquely yours and get to the heart of this extraordinary country with Lonely Planet's Philippines. | ||
| 650 |
_aLonely Planet _vNon-fiction |
||
| 650 |
_aPhilippines _vNon-fiction |
||
| 700 |
_aGrosberg, Michael _eIllustrator |
||
| 700 |
_aJealous, Virginia _eIllustrator |
||
| 700 |
_aKelly, Plers _eIllustrator |
||
| 942 |
_2ddc _cBK _n0 |
||
| 999 |
_c6381 _d6381 |
||